Estudio a nivel de perfil del proyecto rehabilitación y construcción de 10 km de camino La Calavera - Posintepe comarca San Ignacio, municipio de Acoyapa Chontales
Proyecto investigativo en el estudio a nivel de perfil para la rehabilitación del camino La Calavera - Posintepe que está ubicado al sur oeste de la ciudad de Acoyapa.
| Main Authors: | , |
|---|---|
| Other Authors: | |
| Format: | Tesis Section = Libro |
| Language: | Undetermined Spanish |
| Published: |
Managua
UNI
2011
|
| Subjects: |
| LEADER | 01032nam a2200253Ia 4500 | ||
|---|---|---|---|
| 008 | 240830s9999 xx 000 0 und d | ||
| 040 | |a BIBLIOTECA-RUPAP T.Mon 625.7 R618 | ||
| 041 | |a spa | ||
| 082 | |a T.Mon 625.7 R618 | ||
| 100 | 1 | |a Rivas Traña, Jefferson Antonio | |
| 100 | 1 | |b Castro Berrios, Jesús Wilberg | |
| 245 | 1 | 0 | |a Estudio a nivel de perfil del proyecto rehabilitación y construcción de 10 km de camino La Calavera - Posintepe comarca San Ignacio, municipio de Acoyapa Chontales |
| 260 | |a Managua |b UNI |c 2011 | ||
| 300 | |a 115 p. :il. | ||
| 500 | |a Contiene: anexos. | ||
| 502 | |a Tesis (Ingeniero Civil)- UNI, 2011. | ||
| 520 | 3 | |a Proyecto investigativo en el estudio a nivel de perfil para la rehabilitación del camino La Calavera - Posintepe que está ubicado al sur oeste de la ciudad de Acoyapa. | |
| 650 | 7 | |a CAMINOS | |
| 650 | 7 | |b CARRETERAS RURALES | |
| 650 | 7 | |c CONSTRUCCIÓN DE CARRETERAS | |
| 700 | 1 | |a Tutor: |b Gutiérrez Mendoza, Carlos Antonio | |
| 942 | |c BK |2 ddc | ||
| 991 | |a TESIS | ||
| 999 | |c 18168 | ||